1631 1845 1771 1008 1420 1605 1405 1808 1494 1506 1768 1970 1321 1662 1437 1362 1831 1226 1570 1625 1252 1303 1822 1054 1153 1463 1204 1769 1914 1330 1143 1419 1900 1575 1880 1459 1428 1790 1873 1566 1404 1947 1463 1134 1146 1726 1156 1263 1790 1525 1037 1802 1746 1716 1434 1645 1311 1447 1307 1149 1046 1744 1020 1259 1846 1480 1768 1348 1873 1132 1346 1145 1370 1431 1174 1131 1456 1424 1883 1287 1466 1610 1049 1748 1022 1228 1659 1024 1968 1706 1036 1363 1712 1970 1469 1322 1024 1169 1890 BCNSPRNW ULIB Ver.6.0+V

เปลี่ยนเป็นภาษาไทย

Change to English
 แสดงรายละเอียดบรรณานุกรม
  กลับหน้าหลัก

Brief Record : Get Marc (ISO 2709) : E-mail record : QR code < ปิดหน้าต่าง
LEADER : 00000nam 2200000uu 4500
001    13399110787
003     ULIB
008    110609s2552||||th 000 0 tha d
020    9789744141163
060 04 WA100^bบ574ส 2552
100 0  บุญศิญา เรืองสมบูรณ์
245 10 สุขภาพดี หัวจรดเท้า เช้าจรดเย็น /^cบุญศิญา เรืองสมบูรณ์
250    พิมพ์ครั้งที่ 1
260    กรุงเทพฯ :^bดีไลท์พับลิชชิ่ง,^c2552
300    119 หน้า :^bภาพประกอบ ;^c21 ซม.
650  7 การออกกำลังกาย
650  7 การดูแลตนเอง
650  7 โภชนาการ
650  7 สุขภาพ
945    ^p100^l0^i18266
995    กัณชพร
999    ^aใช้งานได้ทุกระบบ
รายการนี้ยังไม่มีแท็ก
คุณยังไม่ได้ล็อกอิน คุณสามารถมีกิจกรรมร่วมกับเว็บไซต์ได้ แต่ต้องล็อกอินก่อน ::
  ล็อกอิน

รายการสื่อสารสนเทศ

ลำดับที่ ประเภท เลขเรียก/บาร์โค้ด สถานที่ สถานะ
- ไม่พบข้อมูล -

รายการใกล้เคียง
    ผู้แต่ง [บุญศิญา เรืองสมบูรณ์]

    หัวเรื่อง [การออกกำลังกาย]
    หัวเรื่อง [การดูแลตนเอง]
    หัวเรื่อง [โภชนาการ]
    หัวเรื่อง [สุขภาพ]

BibComment


ยังไม่เคยถูกคอมเมนท์

คอมเมนท์ทรัพยากรรายการนี้
  คอมเมนท์: สุขภาพดี หัวจรดเท..


 Copyright 2026. Bcnsprnw @Library